000 00538nam a2200217Ia 4500
008 210210b2016 xxu||||| |||| 00| 0 eng d
020 _a9788131607671
041 _aeng
082 _a363.700954 NAIE
100 _aNAIK (Iswar Chandra)
245 _aEnvironmental movements, state and civil society
260 _aJaipur
_bRawat Publications
_c2016
300 _a263
650 _astate
650 _asociety
650 _amovements,
650 _aEnvironmental
650 _acivil
690 _aEnvironment
906 _a074207
999 _c123997
_d123997